Guess the Kpop idol's country! - Statistics

General Stats
  • This quiz has been taken 85 times
  • The average score is 11 of 15
Answer Stats
Hint Answer % Correct
Lisa - BLACKPINK Thailand
93%
Rei-IVE Japan
89%
Ningning - AESPA China
88%
Yunjin - LE SSERAFIM United States
86%
Tzuyu - TWICE Taiwan
82%
Pharita - BABYMONSTER Thailand
82%
Lily - NMIXX Australia
78%
Rosé - BLACKPINK New Zealand
76%
Jeon Somi - SOLOIST Canada
64%
Ella - MEOVV United States
64%
Yuna - ITZY South Korea
61%
Sriya - BLACKSWAN India
53%
Liz - IVE South Korea
51%
Gehlee -UNIS Philippines
47%
Carmen - Hearts2Hearts Indonesia
40%
No matching quizzes found
Score Distribution
Percent of People with Each Score
Percentile by Number Answered
Your Score History
You have not taken this quiz